ՀՀ Գիտությունների ազգային ակադեմիայի հիմնարար գիտական գրադարան  =   Fundamental Scientific Library of NAS RA

Криопротекторы / (Record no. 387957)

MARC details
000 -LEADER
fixed length control field 01123nam a2200253 a 4500
001 - CONTROL NUMBER
control field 000626678
003 - CONTROL NUMBER IDENTIFIER
control field AM-YeHGA
005 - DATE AND TIME OF LATEST TRANSACTION
control field 20250617153255.0
008 - FIXED-LENGTH DATA ELEMENTS--GENERAL INFORMATION
fixed length control field 090123s1978 ||||||||r|||||000|0|rus|d
040 ## - CATALOGING SOURCE
Original cataloging agency AM-YeHGA
041 0# - LANGUAGE CODE
Language code of text/sound track or separate title rus
090 ## - LOCALLY ASSIGNED LC-TYPE CALL NUMBER (OCLC); LOCAL CALL NUMBER (RLIN)
-- 389948
245 00 - TITLE STATEMENT
Title Криопротекторы /
Statement of responsibility, etc. Н.С. Пушкарь и др.; АН УССР, Институт проблем криобиологии и криомедицины.
260 ## - PUBLICATION, DISTRIBUTION, ETC.
Place of publication, distribution, etc. Киев :
Name of publisher, distributor, etc. Наукова думка,
Date of publication, distribution, etc. 1978.
300 ## - PHYSICAL DESCRIPTION
Extent 204 с. :
Other physical details ил. ;
Dimensions 20 см.
504 ## - BIBLIOGRAPHY, ETC. NOTE
Bibliography, etc. note Список лит. в конце ст.
650 14 - SUBJECT ADDED ENTRY--TOPICAL TERM
Topical term or geographic name entry element Криопротекторы
General subdivision Терапевтическое применение
650 14 - SUBJECT ADDED ENTRY--TOPICAL TERM
Topical term or geographic name entry element Криоконсервирование
700 1# - ADDED ENTRY--PERSONAL NAME
Personal name Пушкарь, Николай Сидорович
700 1# - ADDED ENTRY--PERSONAL NAME
Personal name Шраго, Мария Иосифовна
700 1# - ADDED ENTRY--PERSONAL NAME
Personal name Белоус, Анатолоий Максимович
700 1# - ADDED ENTRY--PERSONAL NAME
Personal name Калугин, Юрий Владимирович
710 2# - ADDED ENTRY--CORPORATE NAME
Corporate name or jurisdiction name as entry element Институт проблем криобиологии и криомедицины АН УССР
Holdings
Withdrawn status Lost status Source of classification or shelving scheme Damaged status Not for loan Collection Home library Current library Date acquired Total checkouts Full call number Barcode Date last seen Price effective from Koha item type Public note
    Universal Decimal Classification     General Fundamental Scientific Library Fundamental Scientific Library 04/08/2017   PII/437778 FL0456893 04/08/2017 04/08/2017 Գրքեր / Books 30 Days Loan


ՀՀ ԳԱԱ հիմնարար գիտական գրադարան
ՀՀ,Երևան 0019
Մարշալ Բաղրամյան 24/6
հեռախոս:(374-10) 52-47-50
Հետադարձ կապ

All site content, except where otherwise noted, is licensed under a
Creative Commons License